000 00461nam a2200193 a 4500
001 BRCA_7145
005 20190320205729.0
008 110112s1921----gw-#######---#000-0#ger-#
041 _ager
044 _agw
050 4 _aPT8175 :F5
_b.S8 1921
100 1 _aFleuron, Svend
_d1874
_917738
245 1 0 _aStrix
_cSvend Fleuron.
260 _aJena, Alemania
_bE. Diederichs
_c1921
300 _a190 p.
_c19 cm.
500 _aP36
902 _aGFM
942 _2lcc
_cB
999 _c6826
_d6826